|
|
|
|
| LEADER |
01883nam a2200361 i 4500 |
| 001 |
33388 |
| 003 |
BD-DhAAL |
| 005 |
20180715102636.0 |
| 007 |
ta |
| 008 |
180715t20132013th abce b 000 0 eng |
| 999 |
|
|
|c 39767
|d 39767
|
| 010 |
|
|
|a 2013309062
|
| 020 |
|
|
|a 9789744801005 (paperback)
|
| 020 |
|
|
|a 974480100X (paperback)
|
| 035 |
|
|
|a (OCoLC)855051560
|
| 040 |
|
|
|a DLC
|b eng
|e rda
|c DLC
|d YDXCP
|d ANL
|d BD-DhAAL
|
| 043 |
|
|
|a a-bg---
|
| 082 |
0 |
4 |
|a 720.954929
|2 23
|
| 100 |
1 |
|
|a Ahmed, Iftekhar
|9 27253
|
| 245 |
1 |
4 |
|a The vanishing traces :
|b vernacular housing of the Chittagong Hill Tracts /
|c Iftekhar Ahmed.
|
| 260 |
|
|
|a Bangkok, Thailand :
|b White Lotus Press,
|c c2013
|
| 300 |
|
|
|a ix, 96 pages :
|b illustrations, map, portraits, plans ;
|c 21 cm
|
| 504 |
|
|
|a Includes bibliographical references (pages 95-96)
|
| 505 |
0 |
|
|a 1. The hilly area and the 'Pahari' -- 2. Why Pahari housing? -- 3. Pahari tribal groups -- 4. Records of Pahari vernacular housing -- 5. Future directions.
|
| 526 |
|
|
|a ARC
|
| 541 |
|
|
|e 33388
|
| 650 |
|
0 |
|a Vernacular architecture
|z Bangladesh
|z Chittagong Hill Tracts (Region)
|9 27254
|
| 650 |
|
0 |
|a Architecture, Domestic
|z Bangladesh
|z Chittagong Hill Tracts (Region)
|9 27255
|
| 650 |
|
0 |
|a Housing
|z Bangladesh
|z Chittagong Hill Tracts (Region)
|9 27256
|
| 852 |
|
|
|a Department of Architecture
|c General Stacks
|
| 942 |
|
|
|2 ddc
|c BK
|
| 952 |
|
|
|0 0
|1 1
|2 ddc
|4 0
|6 720_954929000000000_AHM
|7 0
|9 63795
|a ARC
|b ARC
|c GEN
|d 2018-07-15
|l 0
|o 720.954929 AHM
|p 3010033388
|r 2018-07-15
|t 1
|w 2018-07-15
|y BK
|x lost from the ARC department library and approved by the Dean (reasons personal books withdrawn by Hasibul Kabir Sir and Building shifting)
|
| 952 |
|
|
|0 0
|1 0
|2 ddc
|4 0
|6 720_954929000000000_AHM
|7 0
|9 66051
|a BRACUL
|b BRACUL
|c GEN
|d 2019-08-26
|l 2
|m 22
|o 720.954929 AHM
|p 3010035176
|q 2026-06-02
|r 2025-10-22
|s 2025-10-22
|t 2
|w 2019-08-26
|y BK
|x Transferred from ARC to BRACUL on 28/12/2023
|